Moje česká vlast : písničky s texty kapelníka Zdeňka Beneše k jeho životnímu jubileu

Korporativní autor: Libkovanka (hudební skupina)
Další autoři: Beneš, Zdeněk, 1959-
Jazyk: Čeština
Vydáno: Dolní Bojanovice : Tonstudio Rajchman, [2019]
Témata:
Fyzický popis: 1 CD audio (57:18) ; 12 cm
Zvukové nahrávky
Uloženo v:
LEADER 02008njm a2200469 i 4500
001 001770218
003 CZ BrMZK
005 20201209155007.0
007 sd fungnnmmned
008 200922t20192019xr munng n cze
015 |a cnb003254732 
024 3 |a 8595210945026 
028 0 1 |a JR 0450 - 2  |b Tonstudio Rajchman 
040 |a BOA001  |b cze  |e rda 
047 |a df  |a wz 
072 7 |a 78.011.26  |x Populární hudba. Populární písně. Populární taneční hudba  |2 Konspekt  |9 9 
080 |a 785.12  |2 MRF 
080 |a 78.085.2  |2 MRF 
080 |a (086.76)  |2 MRF 
245 0 0 |a Moje česká vlast :  |b písničky s texty kapelníka Zdeňka Beneše k jeho životnímu jubileu 
264 1 |a Dolní Bojanovice :  |b Tonstudio Rajchman,  |c [2019] 
264 4 |c ©2019 
300 |a 1 CD audio (57:18) ;  |c 12 cm 
306 |a 005718 
336 |a hraná hudba  |b prm  |2 rdacontent 
337 |a audio  |b s  |2 rdamedia 
338 |a audiodisk  |b sd  |2 rdacarrier 
344 |a digital  |b optical  |2 rda 
347 |a audio soubor  |b CD audio  |2 rda 
500 |a Název z disku 
505 0 0 |g Moje česká vlast --  |t Pro Libkovanku --  |t Když odchází mládí --  |t Návrat do vlasti --  |t Hvězdička --  |t Město nad Vajgarem --  |t Krásný sen --  |t Mažická blata --  |t Chvíle štěstí --  |t Za maminčinu lásku --  |t Měsíček nad krajinou --  |t Tam v horách zelených --  |t Slzičky --  |t Zelené lesy --  |t Přátelé nám zůstanou --  |t Proč právě Šumava --  |t Zahraj, kapelo 
511 1 |a Jihočeská Libkovanka, kapelník Zdeněk Beneš 
650 0 7 |a dechová hudba  |7 ph119353  |2 czenas 
650 0 7 |a polky  |7 ph224419  |2 czenas 
650 0 7 |a valčíky  |7 ph224487  |2 czenas 
655 7 |a kompaktní disky  |7 fd201991  |2 czenas 
700 1 |a Beneš, Zdeněk,  |d 1959-  |7 mzk2011667989  |4 cnd  |4 hnr  |4 lyr 
710 2 |a Libkovanka (hudební skupina)  |7 pna2010613908  |4 prf 
910 |a BOA001  |b CDR-1451.562 
990 |a AV 
991 |b 202012 
996 6 |b 2610840152  |c CDR-1451.562  |l MZK  |r Sklad / do 24 hodin  |n 0  |p p.v.  |w 001828130  |u 000010  |a 1  |e BOA001  |j MZK50  |s P